Pokemon Moves Starting with the Letter N and O - Statistics

General Stats
  • This quiz has been taken 122 times
    87 since last reset
  • The average score is 20 of 24
Answer Stats
Type Phys/Spec/Status Special Effect Answer % Correct
Dark - N Physical High Crit. Rate Night Slash
98%
Electric - N Physical Paralyzes foe Nuzzle
98%
Dragon - O Physical User is locked into move for 2-3 turns, becomes confused Outrage
98%
Ghost - N Status Inflicts 1/4 HP damage per turn on sleeping foe Nightmare
95%
Dark - N Status Raises users Spec. Atk. by 2 stages Nasty Plot
91%
Ghost - N Special Damage inflicted is equal to users level Night Shade
91%
Fighting -N Status Raises all user stats 1 stage and prevents switching out.Signature of Falinks No Retreat
91%
Ghost - O Special May raise all of users stats 1 stage Ominous Wind
91%
Fire - O Special Lowers users Spec. Atk. by 2 stages after use Overheat
91%
Normal - O Status Enables ghosts to be hit by Normal and Fighting moves Odor Sleuth
89%
Flying -O Special User recovers 75% damage inflicted as recovery HP Oblivion Wing
86%
Normal -N Status Users attack depends on environment Nature Power
84%
Electric-O Special Signature of Toxtricity Overdrive
84%
Dark - N Special May lower foe Accuracy Night Daze
82%
Dark - O Status Protects user from physical and special attacks, lowers foe Sp. Def. by 2 stages. Signature of Obstagoon Obstruct
82%
Water - O Special May lower foe Accuracy Octazooka
82%
Normal - N Physical Attack type and power depend on held berry Natural Gift
80%
Dragon-O Physical Dondozo gains stat boost based on Tatsugiri's form Order Up
77%
Fighting - O Status Prevent foe from fleeing and lower Sp. Def. and Def. every turn Octolock
70%
Fairy - N Status Does damage equal to 1/2 targets current HP Natures Madness
68%
Grass - N Physical May make foe flinch Needle Arm
68%
Water - O Special N/A Origin Pulse
64%
Poison - N Physical 30% Chance of Poisoning. Signature of Navi Starmobile Noxious Torque
61%
Normal - N Status Lower foe Spec. Atk. and Atk. Noble Roar
36%
No matching quizzes found
Score Distribution
Percent of People with Each Score
Percentile by Number Answered
Your Score History
You have not taken this quiz since the last reset